[Event "Bad Woerishofen op"]
[Site "Bad Woerishofen"]
[Date "2001.??.??"]
[Round "3"]
[White "Heyl, Thomas"]
[Black "Hornung, Hans"]
[Result "0-1"]
[WhiteElo "2053"]
[BlackElo "2213"]
[Annotator "ChessOrg"]
[PlyCount "56"]
[EventDate "1998.03.05"]
[Source "ChessBase"]
[SourceDate "1998.04.29"]

1. d4 {D04: Damenbauernspiele} 1... d5 2. Nf3 Nf6 3. e3 c5 4. c3 Qc7 5. Bd3 g6
6. Nbd2 Bg7 7. e4 {letzter Buchzug} 7... O-O 8. e5 Nh5 9. g3 (9. O-O Nf4 10.
Bc2 cxd4 11. cxd4 11... Bg4 $11) 9... Nc6 $15 10. O-O cxd4 11. cxd4 Nb4 12. Bb1
Bh3 13. Re1 Rac8 14. Nb3 (14. Ng5 Bd7 15. Nxh7 Qxc1 16. Qxc1 Rxc1 17. Rxc1 Kxh7
18. Rc7 $15) 14... Bg4 (14... Nc2 15. Bxc2 Qxc2 16. Qd2 $15) 15. Re3 f6 16. e6
f5 17. Qe1 (17. Rc3 17... Nc6 $15) 17... f4 (17... Nc6 $5 18. Nfd2 Nxd4 19. f4
$19) 18. Rc3 $17 18... Nc6 19. Ng5 Qb6 20. gxf4 Nxd4 21. Nxd4 Bxd4 22. Rxc8
Rxc8 23. Be3 $2 (23. Bd3 $142 23... Rf8 24. Nf7 Qxe6 25. Nh6+ Kh8 26. Qb4 $19)
23... Qxb2 24. h3 (24. Bxg6 Qxa1 25. Qxa1 Bxa1 26. Bf7+ Kg7 27. f3 $19) 24...
Bxe3 25. Bxg6 25... Bxf2+ $1 26. Qxf2 Qxa1+ 27. Kh2 (27. Kg2 hxg6 28. hxg4
Nxf4+ 29. Qxf4 Rc2+ 30. Qf2 Rxf2+ 31. Kxf2 Qxa2+ 32. Kg3 32... Qe2 $19) 27...
hxg6 28. hxg4 Qc1 (28... Qc1 29. gxh5 29... Rc2 $19) 0-1

[Event "Bad Woerishofen op"]
[Site "Bad Woerishofen"]
[Date "2001.??.??"]
[Round "5"]
[White "Heyl, Thomas"]
[Black "Maahs, Erich"]
[Result "0-1"]
[WhiteElo "2053"]
[BlackElo "2199"]
[Annotator "ChessOrg"]
[PlyCount "158"]
[EventDate "1998.03.05"]
[Source "ChessBase"]
[SourceDate "1998.04.29"]

1. d4 {D02: Damenbauernspiele} 1... d5 2. Nf3 Nc6 3. Bf4 Bg4 4. e3 e6 5. Nbd2
Bd6 6. c3 6... f6 {letzter Buchzug} 7. Qa4 Nge7 8. Bd3 O-O 9. Bxd6 Qxd6 10. Qc2
f5 11. h3 Bxf3 12. gxf3 (12. Nxf3 e5 13. dxe5 Nxe5 14. Nxe5 14... Qxe5 $14)
12... e5 $11 13. dxe5 Nxe5 14. f4 Nxd3+ 15. Qxd3 Qb6 16. O-O-O c5 17. Nf3 Rad8
18. Ne5 (18. Rhg1 Qa5 19. Kb1 19... b5 $11) 18... Nc6 19. Rhg1 Nxe5 (19... Qc7
20. Nf3 $11) 20. fxe5 f4 21. Rg5 (21. exf4 21... d4 $14 (21... Rxf4 $2 22.
Rxg7+ Kxg7 23. Qg3+ Kh8 24. Qxf4 $16)) 21... Qe6 (21... fxe3 $5 22. Rdg1 Rd7
23. Qxe3 23... d4 $15) 22. Rdg1 Rd7 23. exf4 23... Rxf4 $2 (23... d4 24. Qg3
24... Rff7 $14) 24. Qg3 $4 (24. Rxg7+ $1 $142 24... Rxg7 25. Rxg7+ Kxg7 26.
Qg3+ Qg6 27. Qxf4 Qg1+ 28. Kd2 $18) 24... Rff7 $11 25. f4 Rde7 26. Kb1 d4 27.
cxd4 cxd4 28. h4 Kh8 29. h5 h6 30. Rg4 Qf5+ 31. Ka1 d3 (31... Rc7 32. Qh4 $17)
32. Rd1 (32. e6 Qxe6 33. Rg6 33... Qc8 $17) 32... Rd7 (32... Rc7 33. Qh4 $17)
33. a3 d2 (33... Qxh5 $2 34. e6 Rfe7 35. exd7 Rxd7 36. Qf3 $18) 34. Rg6 (34.
Rh4 $5 $17 $142) 34... Qxh5 $19 (34... Qxf4 $6 35. Rxg7 Qxg3 36. Rxg3 $15) 35.
Qg1 Rd5 (35... Rxf4 36. e6 Rd3 37. Rg2 $19) 36. e6 $2 (36. Rg2 Rxf4 37. Rgxd2
Rxd2 38. Rxd2 38... Qxe5 $19) 36... Re7 $4 (36... Rc7 $142 37. Ka2 37... Qe2
$19) 37. Rg2 $17 37... Qf5 38. Rgxd2 Rxd2 39. Rxd2 Rxe6 40. Rd8+ Kh7 41. Rd4 b5
42. Qd1 a6 43. Ka2 Rf6 44. Ka1 g6 45. Qd2 h5 46. Qc3 Rf7 47. Qc6 Re7 48. Qc3
Rd7 49. Rxd7+ Qxd7 50. Qf6 (50. Qg3 50... Kh6 $19) 50... a5 51. Qg5 a4 52. Ka2
Kg7 53. Ka1 Kf7 54. Qh6 Qd1+ 55. Ka2 Qd3 56. Qh7+ Ke6 57. Ka1 Kf5 58. Qf7+ Kg4
59. Qf6 Qf1+ (59... Qf5 $5 $142 60. Qd6 $19) 60. Ka2 60... Qd3 $4 (60... Qc4+
61. Ka1 Qe4 62. Qg5+ Kf3 63. Qxb5 Kxf4 64. Qb8+ Ke3 65. Qb6+ Kd3 66. Qb5+ Kc2
67. Qc5+ Kd2 68. Qa5+ Ke2 69. Qb5+ Ke1 70. Qb4+ Qxb4 71. axb4 $19) 61. Qg5+ $4
(61. Ka1 Qf5 62. Qd6 $19) 61... Kf3 $19 62. Ka1 Ke2 (62... Qf5 $5 $142 63. Qh6
$19) 63. Qg2+ Ke3 64. Qg3+ 64... Ke4 $4 (64... Kd4 $142 65. Qg1+ 65... Kd5 $19)
65. Qg2+ $4 (65. Qxg6+ $142 65... Ke3 66. Qxh5 Kxf4 67. Ka2 $11) 65... Kd4 (
65... Kxf4 $142 66. Qf2+ Kg4 67. Qg2+ Kh4 68. Qh2+ Kg5 69. Qg1+ Kf5 70. Qf2+
Ke5 71. Qe1+ Kf6 72. Qh4+ Ke6 73. Qe1+ Kf7 74. Qf2+ 74... Qf5 $19) 66. Qg1+ Kc4
67. Qc1+ Kb3 (67... Kd5 $142 68. Qh1+ 68... Qe4 $19) 68. Qh1 $2 (68. Qe1 $19
$142) 68... h4 (68... b4 69. Qg1 bxa3 70. Qb6+ Kc2 71. Qf2+ Kd1 72. Qg1+ Ke2
73. f5 axb2+ 74. Kxb2 a3+ 75. Ka2 gxf5 76. Qh2+ Kd1 77. Qh1+ Kd2 78. Qg2+ Kc3
79. Qg7+ Kc2 80. Qb2+ Kd1 81. Qb7 $19) 69. Qe1 h3 70. Qb4+ Kc2 71. Qc5+ Kd2 (
71... Kd1 $5 $142 72. Qf2 $19) 72. Qf2+ Kd1 73. Qg1+ (73. Ka2 $19) 73... Ke2
74. Qg4+ (74. Qg5 $19) 74... Kf2 75. Qh4+ Kg2 (75... Qg3 $142 76. Qd8 h2 77.
Qd2+ Kf1 78. Qd5 $19) 76. Qg4+ Kf1 77. Qh4 Qf3 (77... Qd1+ $142 78. Ka2 Qd5+
79. Ka1 79... Qh5 $19) 78. Qh6 (78. Qh7 Qh5 79. Qb7 h2 80. Qh1+ 80... Kf2 $19)
78... Qg2 (78... Qh5 $142 79. Qg7 79... h2 $19) 79. f5 gxf5 (79... gxf5 80.
Qc1+ Ke2 81. Qc2+ Ke3 82. Qc5+ Kf4 83. Qc7+ Kf3 84. Qc6+ Kg3 85. Qg6+ Kf4 86.
Qd6+ Kg5 87. Qe7+ Kg4 88. Qg7+ Kf3 89. Qc3+ Ke4 90. Qb4+ Kd5 91. Qxb5+ Ke6 92.
Qe8+ Kf6 93. Qd8+ Ke5 94. Qc7+ Ke4 95. Qc4+ Kf3 96. Qc3+ Ke2 97. Qc2+ Ke1 98.
Qb1+ Kd2 99. Qxf5 Qg1+ 100. Ka2 Qg8+ 101. Kb1 Qb3 102. Qf2+ 102... Kd3 $17) (
79... h2 80. Qc1+ Kf2 81. Qc5+ Kg3 82. Qe5+ Kh3 83. Qh8+ Kg4 84. Qd4+ Kxf5 85.
Qc5+ Kg4 86. Qd4+ Kg3 87. Qe5+ Kf2 88. Qc5+ Ke1 89. Qc1+ Ke2 90. Qc2+ Kf3 91.
Qc3+ Kf4 92. Qf6+ Ke3 93. Qc3+ Kf4 94. Qf6+ Kg3 95. Qe5+ Kh4 96. Qh8+ Kg5 97.
Qe5+ Kh6 98. Qh8+ Kg5 99. Qe5+ Kg4 100. Qd4+ Kh3 101. Qh8+ Kg3 102. Qe5+ $11)
0-1

[Event "Bad Woerishofen op"]
[Site "Bad Woerishofen"]
[Date "2001.??.??"]
[Round "7"]
[White "Heyl, Thomas"]
[Black "Oud, Niek"]
[Result "1-0"]
[WhiteElo "2053"]
[BlackElo "2170"]
[Annotator "ChessOrg"]
[PlyCount "39"]
[EventDate "1998.03.05"]
[Source "ChessBase"]
[SourceDate "1998.04.29"]

1. d4 {D05: Damenbauernspiele (Colle-Aufbau)} 1... d5 2. Nf3 e6 3. e3 c5 4. c3
Nc6 5. Bd3 Nf6 6. Nbd2 Be7 7. O-O O-O 8. dxc5 Bxc5 9. e4 9... Qc7 {
letzter Buchzug} 10. Qe2 Re8 11. e5 Ng4 12. Bxh7+ Kf8 (12... Kxh7 13. Ng5+ Kg8
14. Qxg4 Nxe5 15. Qh5 $14) 13. Nb3 $16 13... Bb6 14. Bf4 Ke7 15. Nfd4 15...
Ngxe5 $2 (15... Rh8 $142 16. Bd3 16... Nh6 $18) 16. Nxc6+ Qxc6 17. Bxe5 g6 (
17... f6 18. Bd4 18... e5 $18) 18. Qf3 f5 (18... Rf8 19. Bf6+ Kd7 20. Bg7 $18)
19. Bxg6 Rg8 20. Qh5 (20. Qh5 Rxg6 21. Qxg6 $18) 1-0

[Event "Bad Woerishofen op"]
[Site "Bad Woerishofen"]
[Date "2001.??.??"]
[Round "9"]
[White "Heyl, Thomas"]
[Black "Naegele, Thomas"]
[Result "1/2-1/2"]
[WhiteElo "2053"]
[BlackElo "2189"]
[Annotator "ChessOrg"]
[PlyCount "34"]
[EventDate "1998.03.05"]
[Source "ChessBase"]
[SourceDate "1998.04.29"]

1. d4 {A48: Koenigsindisch (ohne c2-c4)} 1... Nf6 2. Nf3 g6 3. Bg5 Bg7 4. Nbd2
O-O 5. c3 d6 6. e4 c5 7. dxc5 dxc5 8. Bc4 Nc6 9. O-O Qc7 10. Qe2 10... Na5 {
letzter Buchzug} 11. Bd3 h6 12. Bh4 Nh5 13. Bg3 Nxg3 14. hxg3 Be6 15. Nc4 Rfd8
16. Nxa5 Qxa5 17. Bc4 Bxc4 1/2-1/2

[Event "Bad Woerishofen op"]
[Site "?"]
[Date "2001.??.??"]
[Round "1"]
[White "Heyse, Juergen"]
[Black "Poehler, Margit"]
[Result "1/2-1/2"]
[WhiteElo "1597"]
[BlackElo "1780"]
[Annotator "ChessOrg"]
[PlyCount "80"]
[EventDate "2000.??.??"]

1. d4 {A41: Moderne Verteidigung} 1... g6 2. Nf3 Bg7 3. Bf4 d6 4. e3 c5 5. c3
cxd4 6. exd4 Nf6 7. h3 Nc6 8. Be2 O-O 9. O-O 9... Qb6 {letzter Buchzug} 10. Qc1
Re8 11. Nbd2 Nh5 12. Bh2 Bh6 (12... d5 13. Re1 $11) 13. Re1 (13. d5 Nd8 14. Nc4
Bxc1 15. Nxb6 axb6 16. Rfxc1 16... Nf6 $16) 13... Qc7 (13... Be6 14. b3 $11)
14. d5 $14 14... Nd8 15. Nd4 Nf6 16. Bf3 a6 17. a4 e5 18. dxe6 Nxe6 19. Nxe6 (
19. Qd1 19... Bd7 $11) 19... Bxe6 20. Qc2 Bf5 21. Ne4 (21. Rxe8+ $142 21...
Rxe8 22. Qd1 $11) 21... Nxe4 $17 22. Bxe4 (22. Rxe4 $142 22... Bxe4 23. Bxe4
$19) 22... Be6 $4 (22... Rxe4 $142 23. Rxe4 23... Qc6 $19 (23... Bxe4 $143 24.
Qxe4 Bg7 25. Rd1 $14)) 23. Rad1 $14 23... Rad8 24. Bf3 Qb6 25. Rd4 (25. b4 $5
$14) 25... Bf5 $15 26. Qd1 Bc2 27. Qa1 Qxb2 28. Rb4 Qxa1 29. Rxa1 Bg7 30. Rxb7
(30. Rc1 $5 $17) 30... Bxc3 31. Rc1 Bxa4 32. Bd5 Re1+ (32... Rd7 $5 $17) 33.
Rxe1 $15 33... Bxe1 34. Rxf7 Kh8 35. Bf4 Bc3 36. Bg5 36... Rd7 $4 (36... Re8
$17 $142) 37. Rf8+ Kg7 38. Rc8 (38. Rg8#) 38... h6 $11 39. Bxh6+ Kxh6 40. Rxc3
Re7 1/2-1/2

[Event "Bad Woerishofen op"]
[Site "?"]
[Date "2001.??.??"]
[Round "1"]
[White "Hipp, Hermann"]
[Black "Joergens, Markus"]
[Result "0-1"]
[WhiteElo "2034"]
[BlackElo "2276"]
[Annotator "ChessOrg"]
[PlyCount "92"]
[EventDate "2000.??.??"]

1. d4 {E20: Nimzoindisch (Seltene Zuege)} 1... e6 2. c4 Nf6 3. Nc3 Bb4 4. Bd2
b6 5. Nf3 Bb7 6. e3 O-O 7. Bd3 d5 8. cxd5 exd5 9. O-O Nbd7 10. Rc1 a6 11. a3 {
letzter Buchzug} 11... Bd6 12. b4 Ne4 13. Qb3 Ndf6 14. Rfd1 Ng4 15. Be1 (15.
Nxd5 $2 15... Bxd5 16. Qxd5 Bxh2+ 17. Nxh2 Qxd5 18. Nxg4 18... Rfc8 $19) 15...
Ng5 16. Ne5 Bxe5 (16... Nxe5 17. dxe5 Bxe5 18. f4 Bxc3 19. Qxc3 $14) 17. dxe5
$14 17... Nxe5 18. Be2 Nh3+ 19. Kf1 d4 (19... Ng5 $5 $16 $142) 20. Rxd4 $18 (
20. gxh3 Qh4 21. Nd5 Qe4 22. Ne7+ 22... Kh8 $17) 20... Qg5 21. Ne4 (21. Nd5
Rad8 22. gxh3 22... Bc8 $16) 21... Qg6 (21... Bxe4 22. Rxe4 Qf5 23. Rd4 $16 (
23. gxh3 $2 23... Qxe4 24. Kg1 24... Rfc8 $19)) 22. Ng3 (22. gxh3 Bxe4 23. Bg4
Nf3 (23... Nxg4 $143 24. hxg4 Qxg4 25. Rxc7 $17) 24. Rxe4 24... Qxe4 $19) (22.
Rxc7 $143 22... Bxe4 23. Rxe4 23... Qxe4 $15) 22... Qh6 (22... Ng5 23. f4 c5
24. bxc5 $18 (24. fxe5 $6 24... cxd4 25. exd4 Rac8 26. Rxc8 26... Rxc8 $11))
23. f4 (23. Rxc7 $5 23... Ra7 24. Re4 Bxe4 25. Rxa7 Ng5 26. Nxe4 26... Nxe4 $18
) 23... Nc6 24. Rdc4 24... Qe6 $2 (24... b5 $142 25. R4c2 25... Nxf4 $18) 25.
f5 (25. gxh3 $4 25... Qxh3+ 26. Kg1 26... Nd4 $19) 25... Qh6 26. Bf3 Nd8 27.
Bxb7 (27. gxh3 Bxf3 28. Qc2 28... c6 $11 (28... Qxe3 $2 29. Rc3 (29. Rxc7 $6
29... Qh6 $14 (29... Qxa3 $143 30. Rc3 Qxb4 31. Rxf3 Qb5+ 32. Kg1 $18)) 29...
Qf4 30. Bd2 $18 (30. Rxc7 $4 30... Bc6+ 31. Kg1 31... Qxc7 $19)) (28... Qxh3+
$6 29. Kg1 $11)) 27... Nxb7 28. Rxc7 Nd6 29. gxh3 Qxh3+ 30. Kg1 Nxf5 31. Nxf5 (
31. Qd3 Nh4 32. Qf1 Qxf1+ 33. Kxf1 33... Nf3 $18) 31... Qxf5 32. Bg3 Rad8 33.
R7c6 Rd3 34. Qc2 Qd5 (34... Qe4 35. Re1 35... f5 $18) 35. Rd6 (35. Rxb6 $6
35... Rd2 36. Qc6 Rd1+ 37. Rxd1 Qxd1+ 38. Kg2 Qe2+ 39. Bf2 Qg4+ 40. Kh1 40...
a5 $18) 35... Qxd6 36. Bxd6 Rxd6 37. Qc7 Rfd8 (37... Re6 38. a4 Rfe8 39. Rc6
Rxe3 40. Qxb6 $18 (40. Rxb6 Re1+ 41. Kf2 R1e2+ 42. Kf1 Re1+ 43. Kg2 R1e2+ 44.
Kh3 R2e3+ 45. Kg4 R8e4+ 46. Qf4 46... h6 $11 (46... Rxf4+ $143 47. Kxf4 Re8 48.
Rxa6 $16))) 38. Rc6 (38. Qxd6 $1 $142 38... Ra8 39. Qc6 $18) 38... Rd1+ 39. Kf2
R8d2+ (39... R1d2+ 40. Kf3 $18) 40. Kf3 Rf1+ 41. Ke4 g6 42. Rxb6 Rff2 43. Rb8+
(43. Rxa6 $5 $142 43... Rc2 44. Qe7 44... Kg7 $18) 43... Kg7 44. Qe5+ (44. Qe7
$5 44... Kh6 $18) 44... Kh6 45. Rf8 (45. Qe7 $18 $142) 45... f5+ $19 46. Rxf5
gxf5+ (46... gxf5+ 47. Qxf5 Rxf5 48. Kxf5 48... Rxh2 $19) (46... Rxf5 $143 47.
Qe6 $14) 0-1

[Event "Bad Woerishofen op"]
[Site "Bad Woerishofen"]
[Date "2001.??.??"]
[Round "3"]
[White "Hipp, Hermann"]
[Black "Rau, Uwe"]
[Result "0-1"]
[WhiteElo "2034"]
[BlackElo "2164"]
[Annotator "ChessOrg"]
[PlyCount "82"]
[EventDate "1998.03.05"]
[Source "ChessBase"]
[SourceDate "1998.04.29"]

1. d4 {E21: Nimzoindisch (4.Sf3)} 1... Nf6 2. c4 e6 3. Nc3 Bb4 4. Bd2 O-O 5.
Nf3 b6 6. g3 Bb7 7. Bg2 c5 8. dxc5 bxc5 9. O-O Nc6 10. a3 {letzter Buchzug}
10... Ba5 11. Qa4 d5 (11... Nd4 12. Nxd4 Bxg2 13. Nxe6 dxe6 14. Kxg2 $16) 12.
cxd5 exd5 13. e3 (13. Bg5 Bxc3 14. bxc3 14... Qe7 $14) 13... Bb6 14. Qh4 Ne7
15. Ne5 Qd6 16. Ng4 Ne4 17. Nxe4 dxe4 18. Bc3 Ng6 19. Qh5 (19. Rad1 Qe6 20.
Nh6+ gxh6 21. Qxh6 21... f6 $15) 19... f5 $19 20. Rad1 Qe7 21. Nh6+ gxh6 22.
Qxh6 Rad8 23. h4 Bc7 (23... Ne5 24. Bxe5 Qxe5 25. Qg5+ Kh8 26. b3 $19) 24. h5 (
24. b4 $19 $142) 24... Ne5 25. Rxd8 (25. Bxe5 Bxe5 26. b4 cxb4 27. axb4 27...
Bg7 $19) 25... Rxd8 (25... Bxd8 $6 26. Rd1 Ng4 27. Qd6 Qxd6 28. Rxd6 $19) (
25... Qxd8 26. Bxe5 Bxe5 27. Qe6+ Rf7 28. Qxe5 $18) 26. Bh3 Rd6 27. Qf4 Nf3+
28. Kg2 (28. Kh1 Rd5 29. Qh6 29... Bd8 $19) 28... Rd5 (28... Rg6 $1 $142 29.
hxg6 Bxf4 30. gxh7+ Qxh7 31. gxf4 Qg6+ 32. Kh1 $19) 29. Qh6 Bc8 30. Qc6 Be6 31.
Rc1 Rd8 (31... Ng5 32. b4 $19) 32. Bf6 Qxf6 33. Qxc7 c4 34. Qf4 Rd2 35. Rb1 Kg7
(35... Rxb2 $6 36. Rxb2 Qxb2 37. Bxf5 Ne1+ 38. Kf1 Bxf5 39. Qg5+ Qg7 40. Qxf5
$19) 36. Kf1 (36. Qb8 Qf7 37. Rh1 $19) 36... Qd8 (36... Qxb2 $142 37. Qe5+
37... Qxe5 $19) 37. Kg2 (37. Bxf5 Qd3+ 38. Kg2 Qxb1 39. h6+ Kh8 40. Qb8+ Bg8
41. Be6 Rxf2+ 42. Kh3 Rh2+ 43. Kg4 Rh4+ 44. gxh4 Qg1+ 45. Kf5 Qg6+ 46. Kf4 Qf6+
47. Kg3 Qxh4+ 48. Kg2 Qg5+ 49. Qg3 Bxe6 50. Qxg5 Nxg5 51. Kg3 $19) 37... Rxf2+
$1 38. Kxf2 Qd2+ 39. Kf1 Qd3+ 40. Kf2 Qc2+ 41. Kf1 Qxb1+ (41... Qxb1+ 42. Kf2
Qe1+ 43. Kg2 Qg1#) 0-1

[Event "Bad Woerishofen op"]
[Site "Bad Woerishofen"]
[Date "2001.??.??"]
[Round "5"]
[White "Hipp, Hermann"]
[Black "Mossekel, Manfred"]
[Result "1/2-1/2"]
[WhiteElo "2034"]
[BlackElo "1661"]
[Annotator "ChessOrg"]
[PlyCount "80"]
[EventDate "1998.03.05"]
[Source "ChessBase"]
[SourceDate "1998.04.29"]

1. d4 {D02: Damenbauernspiele} 1... d5 2. Nf3 f5 3. c4 e6 4. cxd5 {
letzter Buchzug} 4... exd5 5. Nc3 c6 6. Bf4 Bd6 7. Be5 Nf6 8. e3 O-O 9. Bd3 Qe7
10. O-O Ne4 11. Qc2 Nd7 12. Bxd6 (12. Bxe4 $143 12... fxe4 13. Bxd6 13... Qxd6
$15) (12. Nxe4 $2 12... fxe4 (12... Bxe5 $143 13. Ned2 (13. dxe5 $2 13... fxe4
(13... dxe4 $6 14. Bc4+ Kh8 15. Nd4 $17) 14. Bxe4 dxe4 15. Qxe4 15... Nc5 $19)
13... Bd6 14. Bxf5 $14) 13. Bxd6 Qxd6 14. Bxe4 dxe4 15. Qxe4 15... Nf6 $19)
12... Qxd6 13. Rad1 Qh6 14. Qc1 (14. Nxe4 $2 14... fxe4 (14... dxe4 $6 15. Bc4+
Kh8 16. Ne5 $11) 15. Bxe4 dxe4 16. Qxe4 16... Nb6 $19) 14... Ndf6 15. Ne5 g5 (
15... Re8 16. f3 Nc5 17. Bc2 $11) 16. f3 $14 16... Nd6 17. b4 a6 18. a4 Be6 19.
Rde1 Rae8 20. Qb2 b5 (20... Nf7 $5 $11) 21. Qc2 (21. Nxc6 Nc4 22. Qc2 Bc8 23.
Bxc4 23... bxc4 $16) 21... Nh5 (21... Rc8 22. axb5 cxb5 23. Ra1 $16) 22. g3 (
22. Nxc6 22... Nc4 $16) 22... Nc4 23. f4 g4 24. Qe2 (24. Nxc6 bxa4 25. Ne5
25... a3 $16) 24... Qg7 (24... Bc8 25. axb5 (25. Nxc4 $143 25... bxc4 26. Bc2
26... Rf7 $15) 25... axb5 26. Ra1 $11 (26. Nxc4 $143 26... dxc4 27. Bc2 27...
Qd6 $15)) 25. Ra1 Qb7 26. Rfb1 Nf6 27. Kf2 Kg7 28. Ra2 (28. Kg2 28... Bc8 $14)
28... Ra8 (28... Nxe5 29. dxe5 Ne4+ 30. Bxe4 dxe4 31. Rd2 $11) 29. Qc2 (29. Kg2
29... Nd7 $14) 29... Ne8 (29... Ne4+ 30. Ke2 $11) 30. Be2 Ned6 31. Nd3 Bc8 32.
Nc5 (32. Rh1 $5 $11) 32... Qe7 $15 33. Qc1 Re8 34. Nd1 Ne4+ 35. Kf1 (35. Nxe4
Qxe4 (35... fxe4 $143 36. Kg1 $14) 36. axb5 36... cxb5 $11) 35... h5 36. Rb3 h4
(36... bxa4 37. Nxa4 Rb8 38. Nc5 $11 (38. Bxc4 $143 38... dxc4 39. Rbb2 39...
Rxb4 $17)) 37. Kg2 Rh8 38. Nf2 hxg3 39. hxg3 Nxf2 (39... bxa4 40. Rxa4 Nxg3 41.
Bxc4 41... dxc4 $19) 40. Kxf2 $15 40... Rh2+ (40... bxa4 41. Rxa4 Rh2+ 42. Ke1
Rh1+ 43. Bf1 $11) 1/2-1/2

[Event "Bad Woerishofen op"]
[Site "Bad Woerishofen"]
[Date "2001.??.??"]
[Round "7"]
[White "Hipp, Hermann"]
[Black "Eisenbeis, Norman"]
[Result "0-1"]
[WhiteElo "2034"]
[BlackElo "2162"]
[Annotator "ChessOrg"]
[PlyCount "74"]
[EventDate "1998.03.05"]
[Source "ChessBase"]
[SourceDate "1998.04.29"]

1. Nf3 {A37: Englische Eroeffnung (Symmetrische Variante)} 1... c5 2. c4 g6 3.
Nc3 Bg7 4. g3 Nc6 5. Bg2 e5 6. O-O Nge7 7. d3 d6 8. e4 {letzter Buchzug} 8...
O-O 9. Be3 Nd4 10. Qd2 f5 11. Bg5 Be6 (11... Bf6 12. Bxf6 Rxf6 13. exf5 Bxf5
14. Nxd4 cxd4 15. Nd5 $14) 12. Nxd4 (12. exf5 Ndxf5 13. g4 Nd4 14. Nxd4 14...
cxd4 $16) 12... cxd4 13. Nb5 (13. Nd5 Bxd5 14. exd5 14... Rc8 $14) 13... a6 (
13... Qd7 14. Bxe7 Qxe7 15. Qb4 $11) 14. Na3 (14. exf5 $5 14... Bc8 15. Na3
Rxf5 16. Be4 $14) 14... Qd7 15. b4 Rf7 16. b5 (16. f3 16... Rc8 $11) 16... fxe4
$15 17. Bxe7 Qxe7 18. Bxe4 d5 19. cxd5 Bh3 20. d6 Qxd6 21. Nc4 Qc5 22. bxa6
Rxa6 (22... Bxf1 $143 23. axb7 Rb8 24. Rxf1 Rbxb7 25. Bxb7 Rxb7 26. Re1 $16)
23. Rfc1 Be6 24. a4 Qf8 25. Qb2 Bh6 26. Rc2 Bxc4 27. Rxc4 (27. dxc4 $142 27...
d3 28. Rc3 $16) 27... Rxf2 $1 $17 28. Qxb7 (28. Qxf2 28... Be3 $19) 28... Be3
29. Rc8 $4 (29. Kh1 $142 29... Rf1+ 30. Kg2 Rf2+ 31. Kh1 Rf1+ 32. Kg2 Rf2+ 33.
Kh1 $11) 29... Rc2+ 30. Kh1 Qxc8 (30... Rxc8 $143 31. Qxa6 Kh8 32. Qe6 $14) 31.
Bd5+ Kh8 32. Qe7 (32. Qxc8+ Rxc8 33. Bb7 $19) 32... Qb8 33. Rf1 Rc1 34. Rxc1
Bxc1 35. Be6 (35. Kg2 $19) 35... Qa8+ 36. Kg1 (36. Qb7 Qxb7+ 37. Bd5 Qxd5+ 38.
Kg1 Be3+ 39. Kf1 Qf3+ 40. Ke1 Qf2+ 41. Kd1 Qd2#) 36... Be3+ 37. Kf1 Qf3+ (37...
Qf3+ 38. Ke1 Qf2+ 39. Kd1 Qd2#) 0-1

[Event "Bad Woerishofen op"]
[Site "Bad Woerishofen"]
[Date "2001.??.??"]
[Round "9"]
[White "Hipp, Hermann"]
[Black "Hoennekes, Klaus"]
[Result "0-1"]
[WhiteElo "2034"]
[BlackElo "2087"]
[Annotator "ChessOrg"]
[PlyCount "166"]
[EventDate "1998.03.05"]
[Source "ChessBase"]
[SourceDate "1998.04.29"]

1. Nf3 {A85: Hollaendische Verteidigung} 1... g6 2. d4 f5 3. c4 Nf6 4. Nc3 Bg7
5. Bf4 d6 6. e3 O-O 7. Qb3 7... c6 {letzter Buchzug} 8. Be2 Qe8 9. h4 Nh5 10.
d5 Na6 11. Ng5 (11. Bh2 Nc5 12. Qc2 12... Nf6 $11) 11... Nc5 12. Qc2 h6 13. Nh3
e5 14. dxe6 Nxf4 15. Nxf4 Nxe6 16. O-O-O Rf6 17. Rhe1 Nxf4 18. exf4 Re6 19. Qd2
h5 20. Bf3 (20. g3 20... Qe7 $11) 20... Rxe1 (20... Qf7 21. Re2 $15) 21. Rxe1
$11 21... Qd8 22. Rd1 Bf8 23. g3 (23. Re1 $5 $11) 23... Be6 $15 24. Qd4 Bf7 25.
b3 (25. Rd2 25... Qb6 $17) 25... Qa5 26. Qd2 Qc7 (26... Rc8 27. Kb1 $17) 27.
Kb1 Rc8 28. Rc1 Qd8 29. Qd4 a6 30. Na4 (30. Qa7 $5 $15) 30... b5 $17 31. cxb5
axb5 32. Nb2 Bg7 33. Qd2 c5 34. Bd5 Bxd5 35. Qxd5+ Kh7 36. Qe6 Ra8 37. Rc2 Qa5
38. Nd3 c4 39. Nc1 Qb4 40. g4 cxb3 (40... fxg4 41. f5 Kh8 42. f6 $11) 41. Nxb3
Qxf4 (41... fxg4 $6 42. f5 Qf4 43. Qxg6+ Kg8 44. Re2 $15) 42. gxh5 gxh5 43. Qf7
(43. Qd5 43... Re8 $19) 43... Qg4 (43... Qf3 44. Nd2 Qd1+ 45. Rc1 Qxd2 46.
Qxf5+ Kh8 47. Rc8+ Rxc8 48. Qxc8+ Kh7 49. Qf5+ Kg8 50. Qe6+ Kf8 51. Qc8+ Ke7
52. Qc7+ Kf6 53. Qd8+ Kf5 54. Qd7+ Ke4 55. Qxg7 Qe1+ 56. Kc2 Qxf2+ 57. Kc3 Qc5+
58. Kb3 Qc4+ 59. Kb2 Qd4+ 60. Qxd4+ Kxd4 61. Kb3 $19) 44. Qd5 Rf8 (44... Qe4
45. Qxe4 fxe4 46. Rd2 $17) 45. Qxd6 Qe4 (45... Re8 $5 $19) 46. Qc6 $17 46...
Qxc6 (46... Qxh4 47. Qxb5 Qh1+ 48. Rc1 $17) 47. Rxc6 $15 47... Re8 48. Nc1 Re4
49. Rc5 Kg6 (49... b4 50. Nd3 $17) 50. Rxb5 $15 50... Rxh4 51. Nd3 Rd4 52. Rb6+
Kh7 53. Kc2 h4 54. Rb1 Rc4+ 55. Kd2 Ra4 56. Ke3 Rxa2 57. Kf4 Rd2 (57... Ra3 58.
Ne5 Bxe5+ 59. Kxe5 $17) 58. Rb3 $17 58... Kg6 59. Ke3 (59. Rb6+ $5 59... Bf6
60. Ne5+ Kg7 61. Rb7+ Kh6 62. Rb6 Rxf2+ 63. Ke3 $17) 59... Bh6+ $19 60. Kf3 Kh5
61. Kg2 Re2 (61... Bf8 62. Ne5 Bc5 63. Nd3 $19) 62. Kf3 (62. Kh3 62... Bg5 $17)
62... Re4 63. Kg2 Rg4+ 64. Kh3 Re4 (64... Rd4 65. Ne1 $17) 65. Kg2 Rd4 66. Kh3
Bf8 67. Ne1 Be7 68. Rf3 Kg6 69. Nd3 Bd6 70. Ne1 Rd1 71. Rd3 Rxe1 72. Rxd6+ Kg5
73. Rd3 Rg1 74. Rd4 Rg4 75. Rd3 Rb4 76. Re3 Rf4 77. Kg2 Kg4 78. f3+ Kg5 79. Re8
Ra4 80. Re2 Ra3 81. Rf2 Kf4 82. Rf1 (82. Rc2 $19 $142) 82... h3+ 83. Kh2 Rxf3 (
83... Rxf3 84. Rg1 84... Ke3 $19) 0-1